Capitais Brasileiras banhadas pelo mar - Statistics

Estatísticas Gerais
  • Esse quiz foi jogado 86 vezes
  • A pontuação média é 10 de 11
Estatísticas das Respostas
População Capital % Correto
6.775.561 Rio de Janeiro
99%
2.900.319 Salvador
99%
1.661.017 Recife
95%
516.524 Florianópolis
94%
2.703.391 Fortaleza
94%
896.708 Natal
93%
369.534 Vitória
93%
825.796 João Pessoa
92%
672.614 Aracajú
89%
1.031.597 Maceió
88%
1.108.975 São Luís
87%
Nenhum quiz correspondente encontrado
Distribuição das Pontuações
Porcentagem de Pessoas com Cada Pontuação
Percentil de Números Respondidos
Sua Pontuação Histórica
Você não jogou esse quiz